| 000 | 00570nam a2200253Ia 4500 | ||
|---|---|---|---|
| 008 | 180803s9999 xx 000 0 und d | ||
| 020 | _a9780439024549 | ||
| 050 | _bM468 1988 | ||
| 100 | _aMayer, Mercer | ||
| 245 | 0 | _aI just forgot / | |
| 245 | 0 | _cby Mercer Mayer. | |
| 260 | _aBroadway, New York : | ||
| 260 | _bScholastic, | ||
| 260 | _c1988 | ||
| 300 | _aunpaged : | ||
| 300 | _bcolored ; | ||
| 300 | _c20cm. | ||
| 500 | _a490 | ||
| 650 | _aMemory -- | ||
| 650 | _aMemory. | ||
| 650 | _aPicture books. | ||
| 650 | _xFiction. | ||
| 700 | _aTitle. | ||
| 999 |
_c358251 _d358251 |
||